000
00464nam a2200181Ia 4500
008
090124s9999 xx 000 0 und d
082
_b
101431
100
_a
आपटे अ. वि.
245
_a
बालसंवाद
250
_a
1
260
_c
1937
300
_a
68
600
_a
आपटे अ. वि.
630
_a
बालसंवाद
700
_a
आपटे अ. वि.
730
_a
बालसंवाद
942
_c
BOOK
999
_c
147523
_d
147523